Loading...
| Current Events | 2 | 15.00 | 100% | 50% | 0% |
| Fine Arts - Classical Music | 5 | 18.00 | 100% | 80% | 0% |
| Fine Arts - Other Fine Arts | 7 | 12.86 | 100% | 29% | 0% |
| Fine Arts - Painting and Sculpture | 5 | 10.00 | 80% | 20% | 0% |
| Geography | 1 | 10.00 | 100% | 0% | 0% |
| History - American History | 5 | 12.00 | 60% | 40% | 20% |
| History - European History | 6 | 18.33 | 100% | 83% | 0% |
| History - Other History | 7 | 12.86 | 86% | 29% | 14% |
| History - World History | 8 | 16.25 | 100% | 38% | 25% |
| Literature - American Literature | 5 | 12.00 | 100% | 20% | 0% |
| Literature - British Literature | 6 | 20.00 | 100% | 67% | 33% |
| Literature - European Literature | 8 | 15.00 | 100% | 38% | 13% |
| Literature - World Literature | 5 | 14.00 | 100% | 20% | 20% |
| Mythology | 2 | 15.00 | 100% | 50% | 0% |
| Other Academic | 2 | 100.00 | 400% | 200% | 400% |
| Philosophy | 4 | 17.50 | 100% | 75% | 0% |
| Pop Culture | 1 | 20.00 | 100% | 100% | 0% |
| Religion | 6 | 15.00 | 100% | 50% | 0% |
| Science - Biology | 7 | 12.86 | 100% | 29% | 0% |
| Science - Chemistry | 3 | 10.00 | 100% | 0% | 0% |
| Science - Other Science | 7 | 14.29 | 86% | 43% | 14% |
| Science - Physics | 7 | 12.86 | 100% | 29% | 0% |
| Social Science | 6 | 16.67 | 83% | 83% | 0% |